| 000 | 01974nam a22002537a 4500 | ||
|---|---|---|---|
| 005 | 20221103151535.0 | ||
| 008 | 221103b ||||| |||| 00| 0 eng d | ||
| 020 | _a9789388408561 | ||
| 040 | _cAL | ||
| 041 | _aEnglish | ||
| 082 |
_223 _a657.46 _bMEHG |
||
| 100 |
_aH C Mehrotra and others _960938 |
||
| 245 | _aGoods and Services Tax and Customs Duty | ||
| 250 | _a10 Rev | ||
| 260 |
_aAgra _bSahitya Bhawan Publications _c2022 |
||
| 300 |
_a395 p. _bPB _c24x17 cm. |
||
| 365 |
_a5136 _b₹280.00 _c₹ _d₹350.00 _e20% _f22-10-2022 |
||
| 520 | _a About the G.S.T (Goods and Services Tax) & Customs Duty Book: The law stated in this book is amended up to June 2022. Most authentic, up-to-date, and comprehensive textbook on GST and Customs Duty. The book covers all topics of the syllabi of various universities for undergraduate and postgraduate courses. In the present revised edition almost all the chapters have been thoroughly revised and updated and a chapter on Payment and Refund of Tax (with TDS and TCS) has been completely rewritten. At the end of each chapter large number of MCQ and Short Questions (Over 300 in number) with Ans. have been given which enable students to learn faster. This unique feature will serve as the backbone in understanding the whole chapter. Law relating to GST and Customs Duty has been discussed thoroughly in easy language and in a lucid style. Amendments in GST and Customs Duty made by the Finance Act, 2022 have been duly incorporated in the book. The questions asked in recent university examinations have been incorporated into the book. Every chapter contains a complete explanation of the topic with suitable examples and, where necessary, followed by graded solved illustrations and questions for practice with Ans. | ||
| 650 |
_aGST _960934 |
||
| 650 |
_aThe law stated in the book is as amended Upto October,2022 _960935 |
||
| 700 |
_aMEHROTRA (H C) _960936 |
||
| 700 |
_aAGARWAL (V P) _960937 |
||
| 942 |
_2ddc _cBK |
||
| 999 |
_c225000 _d225000 |
||